000
00257nam a2200097Ia 4500
008
230508s2005 xx 000 0 und d
041
_a
eng
100
_a
S. R. RAMAMRUTHAM,R. NARAYANAN
245
_a
THEROY OF STRUCTURES
260
_b
DHANPAT-RAI AND SONS
_c
2005
999
_c
713906
_d
713906